NBA MVP Awards since 2000 - Statistics

General Stats
  • This quiz has been taken 339 times
  • The average score is 20 of 24
Answer Stats
Hint Answer % Correct
2008/09 LeBron James
100%
2009/10 LeBron James
100%
2011/12 LeBron James
100%
2012/13 LeBron James
100%
2014/15 Steph Curry
97%
2015/16 Steph Curry
97%
2007/08 Kobe Bryant
94%
2020/21 Nikola Jokic
94%
2021/22 Nikola Jokic
94%
2023/24 Nikola Jokic
94%
2013/14 Kevin Durant
90%
2017/18 James Harden
87%
2022/23 Joel Embiid
85%
2006/07 Dirk Nowitzki
84%
2016/17 Russel Westbrook
83%
2018/19 Giannis Antetokounmpo
79%
2019/20 Giannis Antetokounmpo
79%
2010/11 Derrick Rose
74%
2001/02 Tim Duncan
73%
2002/03 Tim Duncan
73%
2004/05 Steve Nash
70%
2005/06 Steve Nash
70%
2000/01 Allen Iverson
63%
2003/04 Kevin Garnett
60%
No matching quizzes found
Score Distribution
Percent of People with Each Score
Percentile by Number Answered
Your Score History
You have not taken this quiz